Mobile drilling rigs' analysis with the aim of their usage and consideration of their operation in constructions of oil and gas wells; Проблемы геологии и освоения недр; Т. 2

Podrobná bibliografie
Parent link:Проблемы геологии и освоения недр: труды XVI Международного симпозиума имени академика М. А. Усова студентов и молодых ученых, Томск, 2-7 апреля 2012 г./ Национальный исследовательский Томский политехнический университет (ТПУ), Институт природных ресурсов (ИПР) ; Общество инженеров-нефтяников, Студенческий чаптер ; под ред. О. Г. Савичева.— , 2012
Т. 2.— 2012.— [С.838-840]
Hlavní autor: Sagitov R. R.
Další autoři: Epikhin A. V. Anton Vladimirovich (научный руководитель), Nadeina L. V. Louise Vasilievna
Shrnutí:Заглавие с титульного листа
Jazyk:angličtina
Vydáno: 2012
Edice:Geology, mining and petroleum engineering (English, German)
Témata:
On-line přístup:http://www.lib.tpu.ru/fulltext/c/2012/C11/V2/405.pdf
Médium: MixedMaterials Elektronický zdroj Kapitola
KOHA link:https://koha.lib.tpu.ru/cgi-bin/koha/opac-detail.pl?biblionumber=240748

MARC

LEADER 00000naa2a2200000 4500
001 240748
005 20251209112632.0
035 |a (RuTPU)RU\TPU\book\262007 
035 |a RU\TPU\book\261947 
090 |a 240748 
100 |a 20130625d2012 k y0rusy50 ba 
101 0 |a eng 
102 |a RU 
135 |a drcn ---uucaa 
200 1 |a Mobile drilling rigs' analysis with the aim of their usage and consideration of their operation in constructions of oil and gas wells  |f R. R. Sagitov  |g Sci. Ad. A. V. Epikhin ; L. V. Nadeina 
203 |a Text  |c electronic 
215 |a 1 файл :511 Кб) 
225 1 |a Geology, mining and petroleum engineering (English, German) 
300 |a Заглавие с титульного листа 
320 |a [Referen.: p. 840 (3 title)] 
337 |a Adobe Reader 
461 1 |0 (RuTPU)RU\TPU\book\252494  |t Проблемы геологии и освоения недр  |o труды XVI Международного симпозиума имени академика М. А. Усова студентов и молодых ученых, Томск, 2-7 апреля 2012 г.  |o в 2 т.  |f Национальный исследовательский Томский политехнический университет (ТПУ), Институт природных ресурсов (ИПР) ; Общество инженеров-нефтяников, Студенческий чаптер ; под ред. О. Г. Савичева  |d 2012 
463 1 |0 (RuTPU)RU\TPU\book\252518  |t Т. 2  |v [С.838-840]  |d 2012 
610 1 |a труды учёных ТПУ 
610 1 |a электронный ресурс 
610 1 |a мобильные буровые установки 
610 1 |a эксплуатация 
610 1 |a нефтяные скважины 
610 1 |a газовые скважины 
700 1 |a Sagitov  |b R. R. 
702 1 |a Epikhin  |b A. V.  |c specialist in the field of oil and gas business  |c Assistant of the Department of Tomsk Polytechnic University  |f 1988-   |g Anton Vladimirovich  |4 727 
702 1 |a Nadeina  |b L. V.  |c linguist  |c Associate Professor of Tomsk Polytechnic University, Candidate of philological sciences  |f 1965-  |g Louise Vasilievna  |4 727 
801 1 |a RU  |b 63413507  |c 20130205 
801 2 |a RU  |b 63413507  |c 20140227  |g RCR 
856 4 |u http://www.lib.tpu.ru/fulltext/c/2012/C11/V2/405.pdf 
942 |c CF